| 000 | 00980nam a22003017a 4500 | ||
|---|---|---|---|
| 001 | BR7301554 | ||
| 003 | BR-BrBNA | ||
| 005 | 20230928083858.0 | ||
| 007 | ta | ||
| 008 | 230509b bl.||||| |||| 00| 0 por d | ||
| 040 |
_aBR-BrBNA _bpor _cBiblioteca Nacional de Agricultura |
||
| 041 | _a(Por) | ||
| 072 |
_aF01; E16 _b0150 _b0180 _b0120 _b0170 _b0336 _b1300 _b/G514 |
||
| 090 | _ 0150 BR7301554 | ||
| 110 | 1 |
_aSuperintendencia do Desenvolvimento da Regiao Sul, Porto Alegre, RS (Brasil) _910098 |
|
| 245 | 1 | _aProjeto Sudoeste 1. Estudo de viabilidade tecnico-economica para o municipio de Alegrete, v. 2 capitulo G Agricultura existente, 3 - Culturas extensivas e intensivas | |
| 260 | 3 |
_aPorto Algre, RS (Brasil): _c1971. |
|
| 300 | _a154 p. | ||
| 650 | _aARROZ | ||
| 650 | _aTRIGO | ||
| 650 | _aMILHO | ||
| 650 | _aSORGO GRANIFERO | ||
| 650 | _aSOJA | ||
| 650 | _aOLERICULTURA | ||
| 650 | _aRIO GRANDE DO SUL | ||
| 909 |
_a202309 _bLucia _c55 _dLucia Elande |
||
| 942 | _cBK | ||
| 999 |
_c15649 _d15649 |
||